[Event "63 Argentino Superior Femenino 2010"]
[Site "Buenos Aires"]
[Date "2010.07.08"]
[Round "4.4"]
[White "Martinez De Negri, M  Agustina"]
[Black "Martinez, Ayelen"]
[Result "1/2-1/2"]
[WhiteElo "1895"]
[BlackElo "2010"]
[PlyCount "68"]
[EventDate "2010.07.05"]

1. e4 c5 2. Nf3 d6 3. d4 Nf6 4. Nc3 cxd4 5. Nxd4 g6 6. g3 Bg7 7. Bg2 O-O 8. O-O
Bd7 9. h3 Nc6 10. Nb3 a6 11. a4 Rc8 12. Qe2 Nb4 13. e5 dxe5 14. Bxb7 Bxh3 15.
Rd1 Qc7 16. Bxc8 Rxc8 17. Be3 Bg4 18. f3 e4 19. fxg4 Qxg3+ 20. Kf1 Nxg4 21. Bg1
Rc6 22. Nxe4 Qf4+ 23. Kg2 Rxc2 24. Rd8+ Bf8 25. Nbd2 h5 26. Rf1 Qc7 27. Rd4 e5
28. Rc4 Qe7 29. Bc5 Qh4 30. Rh1 Qd8 31. Bxb4 Rxc4 32. Qxc4 Ne3+ 33. Kg3 Nxc4
34. Nxc4 Bxb4 1/2-1/2

[Event "63 Argentino Superior Femenino 2010"]
[Site "Buenos Aires"]
[Date "2010.07.08"]
[Round "4.5"]
[White "Maggiolo, Elisa"]
[Black "Benedetti, Antonella"]
[Result "1-0"]
[WhiteElo "2052"]
[BlackElo "1950"]
[PlyCount "64"]
[EventDate "2010.07.05"]

1. e4 e5 2. Nf3 Nc6 3. Bb5 Nf6 4. d3 Ne7 5. c3 Ng6 6. h3 c6 7. Ba4 Be7 8. O-O
d6 9. Re1 O-O 10. Nbd2 Nh5 11. Nf1 Nhf4 12. d4 Qc7 13. Ng3 Re8 14. Bb3 h6 15.
Nf5 Bf8 16. Nh2 exd4 17. Ng4 d5 18. Nfxh6+ Kh8 19. Nf5 d3 20. Ng3 dxe4 21. Nxe4
Ne2+ 22. Rxe2 dxe2 23. Qxe2 f5 24. Ngf6 gxf6 25. Qh5+ Qh7 26. Qxh7+ Kxh7 27.
Nxf6+ Kh8 28. Nxe8 f4 29. Nf6 Bf5 30. Nh5 Bd6 31. Bd2 Rf8 32. Re1 Be6 1-0

[Event "63 Argentino Superior Femenino 2010"]
[Site "Buenos Aires"]
[Date "2010.07.08"]
[Round "4.6"]
[White "Zuriel, Marisa"]
[Black "Zalimben, Maria Luz"]
[Result "1-0"]
[WhiteElo "2205"]
[BlackElo "1673"]
[PlyCount "51"]
[EventDate "2010.07.05"]

1. e4 e6 2. d4 d5 3. Nc3 Nf6 4. e5 Nfd7 5. f4 c5 6. Nf3 Nc6 7. Be3 a6 8. Qd2 b5
9. dxc5 Bxc5 10. Bxc5 Nxc5 11. Qf2 Nd7 12. Bd3 O-O 13. Bxh7+ Kxh7 14. Ng5+ Kg8
15. Qh4 Re8 16. Qh5 Ndxe5 17. fxe5 Qc7 18. O-O Nd8 19. Qh7+ Kf8 20. Qh8+ Ke7
21. Qxg7 Qc5+ 22. Kh1 Rf8 23. Nh7 Re8 24. Qg5+ f6 25. Nxf6 Qd4 26. Qg7+ 1-0

[Event "63 Argentino Superior Femenino 2010"]
[Site "Buenos Aires"]
[Date "2010.07.08"]
[Round "4.8"]
[White "Martinez, Luciana"]
[Black "Parma, Pamela"]
[Result "0-1"]
[WhiteElo "1502"]
[BlackElo "1874"]
[PlyCount "64"]
[EventDate "2010.07.05"]

1. e4 c5 2. Nf3 d6 3. d4 cxd4 4. Nxd4 Nf6 5. Nc3 g6 6. Be3 Bg7 7. Qd2 Ng4 8.
O-O-O Nxe3 9. Qxe3 O-O 10. h4 h5 11. Be2 Nc6 12. Nb3 Ne5 13. Nd5 Be6 14. Qg5
Re8 15. f4 Ng4 16. Bxg4 Bxg4 17. f5 gxf5 18. exf5 Kh7 19. Qd2 Bh6 20. Ne3 Bxd1
21. Kxd1 Qb6 22. Re1 Rg8 23. Qd3 Rg3 24. Qc4 Rxe3 25. Qxf7+ Kh8 26. Rf1 Qb5 27.
Rf2 Qe5 28. Rf1 Rf8 29. Qc4 d5 30. Qc5 Qe4 31. Nd2 Qg4+ 32. Nf3 Qxg2 0-1

[Event "63 Argentino Superior Femenino 2010"]
[Site "Buenos Aires"]
[Date "2010.07.09"]
[Round "5.1"]
[White "Fernandez, Maria Florencia"]
[Black "Justo, Virginia"]
[Result "1-0"]
[WhiteElo "2106"]
[BlackElo "2110"]
[PlyCount "77"]
[EventDate "2010.07.05"]

1. d4 d5 2. c4 e6 3. Nc3 Nf6 4. Nf3 Be7 5. Bg5 O-O 6. e3 h6 7. Bh4 Ne4 8. Bxe7
Qxe7 9. Bd3 Nxc3 10. bxc3 dxc4 11. Bxc4 Nd7 12. O-O e5 13. Qc2 e4 14. Nd2 Nf6
15. Rab1 Re8 16. Be2 c6 17. c4 b6 18. a4 c5 19. d5 Bd7 20. Rfc1 Rec8 21. a5
Rab8 22. axb6 axb6 23. Ra1 Qe5 24. Ra7 Be8 25. Rb1 b5 26. cxb5 Qxd5 27. Bc4 Qe5
28. b6 Rd8 29. Nf1 h5 30. Qa2 Rd7 31. Rxd7 Nxd7 32. b7 h4 33. Nd2 Nf6 34. h3
Qc7 35. Qa7 Bd7 36. Qb6 Qxb6 37. Rxb6 Kf8 38. Nb3 Ke7 39. Nxc5 1-0

[Event "63 Argentino Superior Femenino 2010"]
[Site "Buenos Aires"]
[Date "2010.07.09"]
[Round "5.2"]
[White "Plazaola, Maria De Los Angeles"]
[Black "Martyniuk, Carolina Milka"]
[Result "1-0"]
[WhiteElo "2185"]
[BlackElo "1986"]
[PlyCount "67"]
[EventDate "2010.07.05"]

1. e4 g6 2. d4 c6 3. Nc3 d5 4. Nf3 Bg4 5. Be3 Bg7 6. e5 e6 7. h3 Bxf3 8. Qxf3
Nd7 9. Bd3 a6 10. Nd1 c5 11. c3 Ne7 12. Qe2 Nc6 13. O-O O-O 14. f4 cxd4 15.
cxd4 f6 16. Nf2 Qb6 17. Ng4 Nxd4 18. Qd2 fxe5 19. fxe5 Nxe5 20. Nxe5 Bxe5 21.
Rxf8+ Rxf8 22. Bf1 Rf4 23. Kh1 Re4 24. Qf2 Qd6 25. Bd3 Bg3 26. Qg1 Bh2 27. Qc1
Rxe3 28. Qxe3 Nc6 29. Rf1 Be5 30. b3 Bg7 31. Be2 Ne5 32. Qa7 Qe7 33. Qb8+ Bf8
34. Qxe5 1-0

[Event "63 Argentino Superior Femenino 2010"]
[Site "Buenos Aires"]
[Date "2010.07.09"]
[Round "5.3"]
[White "Martinez, Ayelen"]
[Black "Nejanky, Maisa"]
[Result "0-1"]
[WhiteElo "2010"]
[BlackElo "2057"]
[PlyCount "90"]
[EventDate "2010.07.05"]

1. e4 c5 2. Nf3 d6 3. Bb5+ Bd7 4. Bxd7+ Nxd7 5. O-O Ngf6 6. Re1 e6 7. c3 Be7 8.
d4 O-O 9. Bg5 d5 10. exd5 Nxd5 11. Bxe7 Nxe7 12. Nbd2 cxd4 13. Nxd4 Nb6 14. Qg4
Ng6 15. Rad1 Qh4 16. Qe2 Rfd8 17. g3 Qg5 18. Ne4 Qe7 19. h4 Nf8 20. c4 Rac8 21.
b3 a6 22. Rd3 Nbd7 23. Red1 Nc5 24. R3d2 Nxe4 25. Qxe4 Qc7 26. h5 h6 27. Rd3
Kh8 28. Qf3 Nh7 29. Ne2 Rxd3 30. Qxd3 Nf6 31. Nf4 Kg8 32. Qf3 b5 33. cxb5 axb5
34. Qe2 b4 35. Nd3 Qa5 36. Nf4 Qf5 37. Rd2 Ne4 38. Rd3 Nc3 39. Qd2 Qa5 40. Qe3
Qxa2 41. Nxe6 Re8 42. Ng5 Qa8 43. Qf3 hxg5 44. Qxa8 Rxa8 45. Rd6 Ra3 0-1

[Event "63 Argentino Superior Femenino 2010"]
[Site "Buenos Aires"]
[Date "2010.07.09"]
[Round "5.4"]
[White "Maggiolo, Elisa"]
[Black "Zuriel, Marisa"]
[Result "0-1"]
[WhiteElo "2052"]
[BlackElo "2205"]
[PlyCount "44"]
[EventDate "2010.07.05"]

1. e4 c5 2. Nc3 a6 3. g3 b5 4. Bg2 Bb7 5. d3 e6 6. Nh3 Nc6 7. O-O Be7 8. f4 d6
9. f5 Bf6 10. Nf4 Qe7 11. Qh5 g6 12. Qd1 Bg7 13. g4 Ne5 14. h3 O-O-O 15. Nce2
h5 16. gxh5 g5 17. d4 gxf4 18. dxe5 dxe5 19. Qe1 exf5 20. Nc3 fxe4 21. Nxe4 f5
22. Nf2 Qg5 0-1

[Event "63 Argentino Superior Femenino 2010"]
[Site "Buenos Aires"]
[Date "2010.07.09"]
[Round "5.5"]
[White "Parma, Pamela"]
[Black "Amed, Stephanie"]
[Result "0-1"]
[WhiteElo "1874"]
[BlackElo "2208"]
[PlyCount "68"]
[EventDate "2010.07.05"]

1. e4 e6 2. d3 c5 3. Nd2 Nc6 4. Ngf3 d5 5. g3 g6 6. Bg2 Bg7 7. O-O Nge7 8. Re1
h6 9. Qe2 b6 10. c3 Ba6 11. e5 g5 12. c4 g4 13. Nh4 Nxe5 14. f4 gxf3 15. Nhxf3
N5c6 16. Rb1 O-O 17. b3 Nf5 18. Bb2 d4 19. Ne4 Ne3 20. Kh1 Rc8 21. Bc1 Nf5 22.
Bd2 Bb7 23. Rf1 Nfe7 24. Rbe1 Ng6 25. Nfg5 Nce5 26. Qh5 Bxe4 27. Nxe4 f5 28.
Nf2 Rc7 29. Nh3 Qe8 30. Bxh6 Bxh6 31. Qxh6 Rh7 32. Qg5 Kh8 33. Nf4 Nxf4 34.
Rxe5 Nh3 0-1

[Event "63 Argentino Superior Femenino 2010"]
[Site "Buenos Aires"]
[Date "2010.07.09"]
[Round "5.6"]
[White "Malajovich, Sandra"]
[Black "Martinez De Negri, M  Agustina"]
[Result "0-1"]
[WhiteElo "2098"]
[BlackElo "1895"]
[PlyCount "62"]
[EventDate "2010.07.05"]

1. d4 Nf6 2. Nf3 e6 3. c4 c5 4. Nc3 b6 5. d5 exd5 6. cxd5 d6 7. e4 a6 8. a4 g6
9. Bg5 Bg7 10. Nd2 h6 11. Bh4 O-O 12. Bc4 g5 13. Bg3 Ng4 14. h4 f6 15. Be2 Ne5
16. Nc4 Nxc4 17. Bxc4 f5 18. hxg5 f4 19. Bh4 hxg5 20. Qh5 gxh4 21. Rxh4 Qf6 22.
O-O-O Nd7 23. Rdh1 Ne5 24. Be2 Qg6 25. f3 Qxh5 26. Rxh5 c4 27. Kc2 Bd7 28. Ra1
b5 29. axb5 axb5 30. Rxa8 Rxa8 31. Nd1 b4 0-1

[Event "63 Argentino Superior Femenino 2010"]
[Site "Buenos Aires"]
[Date "2010.07.09"]
[Round "5.7"]
[White "Benedetti, Antonella"]
[Black "Sanseverino, Victoria"]
[Result "1-0"]
[WhiteElo "1950"]
[BlackElo "1766"]
[PlyCount "55"]
[EventDate "2010.07.05"]

1. e4 Nf6 2. e5 Nd5 3. d4 d6 4. Bc4 Nb6 5. Bb3 g6 6. Qf3 d5 7. Ne2 Bg7 8. Nf4
O-O 9. c3 c6 10. O-O Bf5 11. h4 e6 12. Qg3 N8d7 13. Nh3 c5 14. h5 cxd4 15. cxd4
Nc4 16. hxg6 Bxg6 17. Nd2 Qb6 18. Qh4 Rac8 19. Nf3 f6 20. Nf4 Be4 21. Nh5 Rf7
22. exf6 Bxf6 23. Nxf6+ Nxf6 24. Bg5 Qd8 25. Ne5 Nxb2 26. Ng4 Qc7 27. Nxf6+ Kh8
28. Nxe4 1-0

[Event "63 Argentino Superior Femenino 2010"]
[Site "Buenos Aires"]
[Date "2010.07.10"]
[Round "6.1"]
[White "Fernandez, Maria Florencia"]
[Black "Plazaola, Maria De Los Angeles"]
[Result "0-1"]
[WhiteElo "2106"]
[BlackElo "2185"]
[PlyCount "66"]
[EventDate "2010.07.05"]

1. d4 Nf6 2. c4 c5 3. d5 e6 4. Nc3 exd5 5. cxd5 Bd6 6. e4 O-O 7. Bg5 Re8 8.
Bxf6 Qxf6 9. Qf3 Be5 10. Qxf6 Bxf6 11. f3 a6 12. a4 b6 13. g3 d6 14. Kd2 Nd7
15. Bd3 Ne5 16. h3 Nxd3 17. Kxd3 Bd7 18. Nge2 b5 19. a5 b4 20. Nd1 Bb5+ 21. Ke3
Bc4 22. Nc1 Bxd5 23. Nd3 Rab8 24. h4 Bb3 25. Rh2 Rec8 26. f4 Bd4+ 27. Kf3 c4
28. Ne1 h5 29. Rd2 Bf6 30. Rxd6 Bxd1+ 31. Raxd1 Bxb2 32. Rxa6 c3 33. Rb6 b3 0-1

[Event "63 Argentino Superior Femenino 2010"]
[Site "Buenos Aires"]
[Date "2010.07.11"]
[Round "6.2"]
[White "Zuriel, Marisa"]
[Black "Nejanky, Maisa"]
[Result "1-0"]
[WhiteElo "2205"]
[BlackElo "2057"]
[PlyCount "119"]
[EventDate "2010.07.05"]

1. e4 c5 2. Nf3 d6 3. d4 cxd4 4. Nxd4 Nf6 5. Nc3 Nc6 6. Bc4 Qb6 7. Nde2 e6 8.
O-O a6 9. Bb3 Be7 10. Bg5 O-O 11. Bxf6 gxf6 12. Kh1 Na5 13. f4 Nxb3 14. axb3
Bd7 15. f5 Qc5 16. Nf4 Kh8 17. Qh5 Rg8 18. Rad1 Rg7 19. fxe6 Bxe6 20. Qxc5 dxc5
21. Ncd5 Bxd5 22. Nxd5 Re8 23. Nc7 Rd8 24. Rxd8+ Bxd8 25. Ne8 Rg4 26. Nd6 Be7
27. h3 Rg8 28. Nxb7 c4 29. Na5 cxb3 30. Nxb3 Rc8 31. Rf2 Rc4 32. Re2 Bd6 33. c3
Kg7 34. g4 Bc7 35. Kg2 a5 36. Nd4 a4 37. Nb5 Be5 38. Na3 Rc8 39. Kf2 Bd6 40.
Nb5 Be5 41. Ke3 Rc5 42. Nd4 Rc8 43. Kd3 Ra8 44. Rc2 a3 45. bxa3 Rxa3 46. Nf5+
Kf8 47. Kc4 Ke8 48. Kb4 Ra1 49. Re2 Rb1+ 50. Kc4 Rc1 51. Re3 Kd7 52. Rd3+ Kc7
53. Nh6 Re1 54. Kd5 Rc1 55. c4 Ra1 56. Nxf7 Bf4 57. Rf3 Bd2 58. Nd6 Rd1 59. Rd3
Kd7 60. c5 1-0

[Event "63 Argentino Superior Femenino 2010"]
[Site "Buenos Aires"]
[Date "2010.07.10"]
[Round "6.3"]
[White "Amed, Stephanie"]
[Black "Justo, Virginia"]
[Result "1/2-1/2"]
[WhiteElo "2208"]
[BlackElo "2110"]
[PlyCount "87"]
[EventDate "2010.07.05"]

1. e4 c5 2. Nf3 e6 3. d4 cxd4 4. Nxd4 a6 5. Bd3 Bc5 6. Nb3 Be7 7. Be3 d6 8.
N1d2 Nd7 9. f4 Ngf6 10. Qe2 Qc7 11. c4 b6 12. g4 Nc5 13. Nxc5 bxc5 14. g5 Nd7
15. Rg1 Bb7 16. O-O-O g6 17. h4 Bc6 18. Nb1 Qb7 19. Bd2 O-O-O 20. Bc3 Rhg8 21.
Rgf1 Rde8 22. Rde1 Nb6 23. b3 Kb8 24. e5 Ka7 25. exd6 Bxd6 26. Nd2 Qc7 27. Qe3
Nd7 28. Ne4 Bxe4 29. Bxe4 Nb8 30. Rd1 Rd8 31. Bf6 Be7 32. Be5 Qb6 33. h5 Nc6
34. hxg6 hxg6 35. Bxc6 Qxc6 36. Bc3 Kb7 37. Ba5 Rxd1+ 38. Rxd1 Rh8 39. Qd3 Rh1
40. Be1 Kc8 41. Qe3 Bd6 42. Qd2 Kc7 43. Qa5+ Kb7 44. Qd2 1/2-1/2

[Event "63 Argentino Superior Femenino 2010"]
[Site "Buenos Aires"]
[Date "2010.07.10"]
[Round "6.4"]
[White "Martyniuk, Carolina Milka"]
[Black "Martinez, Ayelen"]
[Result "0-1"]
[WhiteElo "1986"]
[BlackElo "2010"]
[PlyCount "92"]
[EventDate "2010.07.05"]

1. c4 Nf6 2. Nc3 g6 3. g3 Bg7 4. Bg2 O-O 5. Nf3 c6 6. O-O d6 7. d3 e5 8. c5 Na6
9. cxd6 Qxd6 10. Nd2 Be6 11. Nde4 Nxe4 12. Nxe4 Qd7 13. Bh6 f5 14. Bxg7 Kxg7
15. Ng5 Bd5 16. e4 Bg8 17. Nf3 fxe4 18. dxe4 Qe7 19. Qc2 Rae8 20. a3 c5 21.
Rad1 c4 22. Rd2 Nc5 23. Rfd1 b5 24. Ne1 Rd8 25. Bh3 Rxd2 26. Rxd2 Rd8 27. Rxd8
Qxd8 28. Qc3 Qd6 29. Nf3 Nxe4 30. Qxe5+ Qxe5 31. Nxe5 Nc5 32. Bd7 a6 33. Bc8
Kf6 34. f4 Ke7 35. Kf1 Kd8 36. Bg4 Na4 37. Nc6+ Kc7 38. Ne7 Bf7 39. f5 Nxb2 40.
fxg6 hxg6 41. Ke2 c3 42. Bf3 Nc4 43. Bd5 c2 44. Bxc4 c1=Q 45. Bxf7 Qb2+ 46. Kd1
Qd4+ 0-1

[Event "63 Argentino Superior Femenino 2010"]
[Site "Buenos Aires"]
[Date "2010.07.10"]
[Round "6.5"]
[White "Martinez De Negri, M  Agustina"]
[Black "Maggiolo, Elisa"]
[Result "0-1"]
[WhiteElo "1895"]
[BlackElo "2052"]
[PlyCount "86"]
[EventDate "2010.07.05"]

1. e4 d6 2. d4 Nf6 3. Nc3 g6 4. Bc4 Bg7 5. Qe2 e5 6. dxe5 dxe5 7. Nf3 Nbd7 8.
O-O O-O 9. Bg5 c6 10. Rfd1 Qe7 11. a3 h6 12. Bh4 g5 13. Nxg5 hxg5 14. Bxg5 Nc5
15. b4 Ne6 16. Bh4 Nd4 17. Qd2 Be6 18. Bf1 Rfd8 19. Qc1 a5 20. Rd3 Bc4 21. Rg3
Bxf1 22. Qh6 Ne6 23. Bxf6 Qf8 24. Bxd8 Rxd8 25. Kxf1 axb4 26. axb4 Qxb4 27. Qc1
Nf4 28. Qb1 Qc4+ 29. Kg1 b5 30. Qf1 Qc5 31. Rd1 Ra8 32. Rf3 b4 33. Nb1 Qxc2 34.
Nd2 c5 35. Rb3 Rd8 36. Rbb1 Rxd2 37. Rxd2 Qxd2 38. Rd1 Qc2 39. f3 c4 40. Rd8+
Bf8 41. g3 Nd3 42. f4 Kg7 43. f5 Bc5+ 0-1

[Event "63 Argentino Superior Femenino 2010"]
[Site "Buenos Aires"]
[Date "2010.07.10"]
[Round "6.6"]
[White "Martinez, Luciana"]
[Black "Benedetti, Antonella"]
[Result "0-1"]
[WhiteElo "1502"]
[BlackElo "1950"]
[PlyCount "56"]
[EventDate "2010.07.05"]

1. e4 c5 2. c3 d6 3. d4 Nc6 4. dxc5 dxc5 5. Qxd8+ Nxd8 6. Be3 e6 7. Nf3 Nf6 8.
Nbd2 Be7 9. Bb5+ Nc6 10. Ne5 O-O 11. Nxc6 bxc6 12. Bxc6 Rb8 13. Rb1 Ba6 14. c4
Rfd8 15. h3 Rb6 16. Ba4 Rdb8 17. e5 Ne8 18. Bxe8 Rxe8 19. b3 Bb7 20. O-O Rd8
21. f4 Rd3 22. Rfe1 Ra6 23. Rb2 f6 24. Bf2 f5 25. Re3 Rd4 26. g3 g5 27. Nf3
gxf4 28. Nxd4 fxe3 0-1

[Event "63 Argentino Superior Femenino 2010"]
[Site "Buenos Aires"]
[Date "2010.07.10"]
[Round "6.7"]
[White "Zalimben, Maria Luz"]
[Black "Parma, Pamela"]
[Result "1/2-1/2"]
[WhiteElo "1673"]
[BlackElo "1874"]
[PlyCount "114"]
[EventDate "2010.07.05"]

1. d4 e5 2. dxe5 Nc6 3. Nf3 Qe7 4. g3 Nxe5 5. Nxe5 Qxe5 6. Bg2 Bc5 7. O-O d6 8.
Nc3 Nf6 9. Bf4 Qh5 10. Na4 O-O 11. Nxc5 Qxc5 12. c3 Bg4 13. Qd2 Qh5 14. Rfe1
Rae8 15. Be3 b6 16. Rac1 Be6 17. Bd4 Ng4 18. h3 Ne5 19. Kh2 c5 20. Bxe5 dxe5
21. c4 Rd8 22. Qc3 Rd4 23. b3 Rfd8 24. Qb2 Rd2 25. Rc2 R2d4 26. Qa3 a5 27. Qc1
Bf5 28. Rb2 R4d6 29. Rh1 Bg4 30. f3 Bc8 31. g4 Qh4 32. Qe1 Qf6 33. Qg3 e4 34.
Rc2 exf3 35. Bxf3 Qd4 36. Qg1 Qf4+ 37. Qg3 Qe3 38. Bd5 Qg5 39. Rf1 Be6 40. e4
Bxd5 41. exd5 h5 42. Rf5 Qg6 43. Rcf2 hxg4 44. Rxf7 gxh3 45. Qxg6 Rxg6 46. Kxh3
Rdd6 47. Rf8+ Kh7 48. R2f4 Rh6+ 49. Kg3 Rh1 50. Rf2 Re1 51. R2f4 Re3+ 52. Kg2
Re5 53. Kf3 g5 54. R4f7+ Kg6 55. Kg2 g4 56. Kg3 Rg5 57. Rf4 Kg7 1/2-1/2

[Event "63 Argentino Superior Femenino 2010"]
[Site "Buenos Aires"]
[Date "2010.07.10"]
[Round "6.8"]
[White "Sanseverino, Victoria"]
[Black "Denon, Nicole"]
[Result "1-0"]
[WhiteElo "1766"]
[BlackElo "1671"]
[PlyCount "125"]
[EventDate "2010.07.05"]

1. e4 e5 2. Nf3 Nc6 3. Bb5 Bc5 4. c3 Nge7 5. O-O Bb6 6. d4 exd4 7. cxd4 d5 8.
Bxc6+ bxc6 9. e5 Bg4 10. Be3 Nf5 11. Qd3 Qd7 12. Nbd2 O-O 13. Rac1 h6 14. Rfe1
Rfe8 15. Qc3 Re6 16. a4 a5 17. Kf1 Qe7 18. h3 Nxe3+ 19. Rxe3 Bh5 20. Nb3 Bg6
21. Nc5 Bxc5 22. Qxc5 Qxc5 23. Rxc5 Ra6 24. Ke2 Kf8 25. Kd2 Ke8 26. Kc1 Kd7 27.
Nd2 Re8 28. Nb3 Rea8 29. f4 Be4 30. g4 g6 31. Nd2 Bh1 32. Rg3 Rb6 33. f5 g5 34.
Re3 Re8 35. Rxa5 Rb4 36. Nb3 Rc4+ 37. Rc3 Rxc3+ 38. bxc3 Rb8 39. Nc5+ Kd8 40.
e6 f6 41. Ra6 Bg2 42. Rxc6 Bxh3 43. Rxc7 Kxc7 44. Na6+ Kd6 45. Nxb8 Bxg4 46. a5
Bxf5 47. e7 Bg6 48. a6 Kc7 49. a7 Kb7 50. Nc6 h5 51. Kd2 g4 52. Nb4 h4 53. Ke2
h3 54. Kf2 h2 55. Kg2 g3 56. Nxd5 f5 57. Nf4 Be8 58. d5 Bf7 59. c4 Kxa7 60. Ne2
Kb6 61. Nxg3 f4 62. Nh1 Kc5 63. Kf3 1-0

[Event "63 Argentino Superior Femenino 2010"]
[Site "Buenos Aires"]
[Date "2010.07.12"]
[Round "7.1"]
[White "Plazaola, Maria De Los Angeles"]
[Black "Zuriel, Marisa"]
[Result "1/2-1/2"]
[WhiteElo "2185"]
[BlackElo "2205"]
[PlyCount "99"]
[EventDate "2010.07.05"]

1. e4 g6 2. d4 Bg7 3. Nf3 c6 4. Nc3 d5 5. h3 Nh6 6. e5 f6 7. Bf4 O-O 8. Qd2 Nf7
9. O-O-O b5 10. h4 b4 11. Nb1 fxe5 12. Nxe5 Nxe5 13. Bxe5 Bxe5 14. dxe5 Qb6 15.
f4 Bg4 16. Re1 Nd7 17. Be2 Bxe2 18. Rxe2 Nc5 19. Qe3 Ne6 20. g3 Qxe3+ 21. Rxe3
h5 22. Nd2 a5 23. Rd1 Rab8 24. Nf3 Kf7 25. Rd2 a4 26. a3 Rfd8 27. Ng5+ Nxg5 28.
hxg5 Ke6 29. Kd1 Rh8 30. Ke2 bxa3 31. Rxa3 Rb4 32. Kf3 Ra8 33. c3 Rc4 34. Rd4
Rxd4 35. cxd4 Rb8 36. Rxa4 Rb3+ 37. Kg2 Rxb2+ 38. Kf3 Rc2 39. Ra3 Rc4 40. Ke3
Kf5 41. Ra7 Ke6 42. Rc7 Rc3+ 43. Kf2 Rc4 44. Ke3 Rc2 45. Kf3 Rc3+ 46. Kf2 Rc1
47. Kf3 Rc2 48. Ke3 Rc4 49. Kd3 Rc1 50. Ke3 1/2-1/2

[Event "63 Argentino Superior Femenino 2010"]
[Site "Buenos Aires"]
[Date "2010.07.12"]
[Round "7.2"]
[White "Martinez, Ayelen"]
[Black "Fernandez, Maria Florencia"]
[Result "1-0"]
[WhiteElo "2010"]
[BlackElo "2106"]
[PlyCount "143"]
[EventDate "2010.07.05"]

1. e4 c5 2. Nf3 d6 3. d4 cxd4 4. Nxd4 Nf6 5. Nc3 g6 6. Be3 Bg7 7. f3 O-O 8. Qd2
Nc6 9. O-O-O d5 10. Qe1 e5 11. Nxc6 bxc6 12. exd5 Nxd5 13. h4 Be6 14. h5 Qe7
15. a3 Rab8 16. Ne4 Qb7 17. b3 Nxe3 18. Qxe3 Qb6 19. Qxb6 axb6 20. hxg6 hxg6
21. Rd6 Bd5 22. c4 Bxe4 23. fxe4 Rfc8 24. b4 Bf8 25. Rd3 Rd8 26. Rhh3 Rd4 27.
Rxd4 exd4 28. Rf3 c5 29. b5 Kg7 30. Kc2 Bd6 31. a4 Bc7 32. Be2 Rh8 33. Rf1 Rh2
34. Bf3 g5 35. e5 Bxe5 36. Bd5 f6 37. a5 bxa5 38. b6 Rh8 39. Rb1 Rb8 40. b7 Kf8
41. Rb5 Bd6 42. Rxa5 Ke7 43. Ra1 Rh8 44. Kb3 Kd7 45. Ka4 Kc7 46. Kb5 Re8 47.
Rf1 d3 48. Rxf6 d2 49. Rf7+ Kb8 50. Bf3 Rf8 51. Rd7 Rxf3 52. Rxd6 Rf1 53. Rxd2
Kxb7 54. Rd7+ Kc8 55. Rd5 g4 56. Rxc5+ Kb7 57. Rg5 Rf4 58. Rg7+ Kc8 59. c5 Rf2
60. Rxg4 Kd7 61. Rg7+ Ke6 62. Kb6 Rb2+ 63. Kc7 Kf6 64. Rg3 Ke6 65. c6 Rc2 66.
Kb7 Rb2+ 67. Kc8 Rc2 68. c7 Ke7 69. Rg7+ Ke8 70. g4 Rc3 71. Rg6 Ke7 72. Kb7 1-0

[Event "63 Argentino Superior Femenino 2010"]
[Site "Buenos Aires"]
[Date "2010.07.12"]
[Round "7.3"]
[White "Justo, Virginia"]
[Black "Maggiolo, Elisa"]
[Result "0-1"]
[WhiteElo "2110"]
[BlackElo "2052"]
[PlyCount "114"]
[EventDate "2010.07.05"]

1. e4 c5 2. Nf3 Nc6 3. d4 cxd4 4. Nxd4 Nf6 5. Nc3 e5 6. Ndb5 d6 7. Bg5 a6 8.
Na3 b5 9. Nd5 Be7 10. Bxf6 Bxf6 11. c3 Ne7 12. Nc2 Bb7 13. Nce3 Bg5 14. Qd3 O-O
15. Be2 Bxe3 16. Nxe3 Ng6 17. Bf3 Nf4 18. Qd2 Rc8 19. Rd1 Qa5 20. g3 Ne6 21.
Nf5 Rcd8 22. a3 Kh8 23. Qe3 Qc7 24. O-O g6 25. Nh4 f5 26. exf5 Bxf3 27. Qxf3
gxf5 28. Qh5 Qf7 29. Qxf7 Rxf7 30. Rfe1 Kg7 31. Kg2 Kf6 32. Nf3 Rg7 33. Rd2 e4
34. Nd4 Nf4+ 35. Kf1 Nd3 36. Ra1 Rc8 37. Ne2 Ke5 38. Nc1 Nc5 39. Rd4 h5 40. Ke2
h4 41. Ke3 Rf8 42. b4 Ne6 43. Rd1 f4+ 44. gxf4+ Rxf4 45. Rf1 Rf3+ 46. Kd2 Rg2
47. Ke1 Nf4 48. a4 Rxh2 49. axb5 axb5 50. Ra5 Rxc3 51. Rxb5+ Nd5 52. Ne2 Rb3
53. Nf4 Kxf4 54. Rxd5 e3 55. Rxd6 Rb1+ 56. Ke2 Rb2+ 57. Ke1 e2 0-1

[Event "63 Argentino Superior Femenino 2010"]
[Site "Buenos Aires"]
[Date "2010.07.12"]
[Round "7.5"]
[White "Benedetti, Antonella"]
[Black "Malajovich, Sandra"]
[Result "1-0"]
[WhiteElo "1950"]
[BlackElo "2098"]
[PlyCount "85"]
[EventDate "2010.07.05"]

1. e4 c5 2. Nf3 Nc6 3. c3 d5 4. exd5 Qxd5 5. d4 Nf6 6. c4 Qe4+ 7. Be3 cxd4 8.
Nxd4 Nxd4 9. Qxd4 e6 10. Nc3 Qxd4 11. Bxd4 Bd7 12. Be2 Bc6 13. O-O Be7 14. Nb5
Bxb5 15. cxb5 O-O 16. Bf3 Nd5 17. Rfd1 Rfd8 18. Rac1 Bg5 19. Rc4 b6 20. Be5 Bf6
21. Bxf6 gxf6 22. g3 Rac8 23. Rxc8 Rxc8 24. Bxd5 exd5 25. Rxd5 Rc2 26. Rd7 Rxb2
27. a4 Ra2 28. Rxa7 Kg7 29. g4 h6 30. Kg2 Kg6 31. Kg3 Ra3+ 32. f3 Ra2 33. h4
Ra1 34. h5+ Kg7 35. Kf4 Ra2 36. Ra6 Ra3 37. Ke4 Rc3 38. Rxb6 Rc4+ 39. Kd5 Rxa4
40. Ra6 Rb4 41. b6 Rb3 42. Kc6 Rc3+ 43. Kb7 1-0

[Event "63 Argentino Superior Femenino 2010"]
[Site "Buenos Aires"]
[Date "2010.07.12"]
[Round "7.6"]
[White "Sanseverino, Victoria"]
[Black "Martinez De Negri, M  Agustina"]
[Result "0-1"]
[WhiteElo "1766"]
[BlackElo "1895"]
[PlyCount "84"]
[EventDate "2010.07.05"]

1. e4 Nc6 2. Nf3 e5 3. Bc4 Bc5 4. b4 Bxb4 5. c3 Ba5 6. d4 exd4 7. O-O d6 8. Qb3
Qe7 9. Ba3 Bb6 10. e5 Na5 11. Qa4+ Bd7 12. Bb5 a6 13. exd6 axb5 14. Qc2 cxd6
15. Re1 Be6 16. cxd4 Nf6 17. Nc3 Qc7 18. Qb2 Nc4 19. Qxb5+ Qc6 20. Qg5 O-O 21.
Bb4 Nd5 22. Ne4 f6 23. Qh5 Bf7 24. Qg4 Nxb4 25. Nxf6+ Kh8 26. Qh5 gxf6 27. Re4
Nd5 28. Qh6 Bg6 29. Rg4 Qe8 30. h4 Rg8 31. Rc1 Bd3 32. Re1 Qf7 33. Rxg8+ Qxg8
34. Qc1 Qg6 35. g3 Ba5 36. Re6 Re8 37. Rxe8+ Qxe8 38. Qh6 Be2 39. Nh2 Bd2 40.
f4 Be3+ 41. Kg2 Kg8 42. g4 Nxf4+ 0-1

[Event "63 Argentino Superior Femenino 2010"]
[Site "Buenos Aires"]
[Date "2010.07.12"]
[Round "7.7"]
[White "Martyniuk, Carolina Milka"]
[Black "Zalimben, Maria Luz"]
[Result "1-0"]
[WhiteElo "1986"]
[BlackElo "1673"]
[PlyCount "88"]
[EventDate "2010.07.05"]

1. c4 d6 2. Nc3 Nf6 3. g3 g6 4. Bg2 Bg7 5. Nf3 O-O 6. O-O c6 7. d3 Nbd7 8. Rb1
a5 9. a3 d5 10. cxd5 cxd5 11. Bf4 Nc5 12. d4 Ne6 13. Be5 Nc7 14. Qb3 e6 15.
Rbc1 Na6 16. Nb5 Ne4 17. Bxg7 Kxg7 18. Rc2 Bd7 19. Ne5 Be8 20. Bxe4 dxe4 21.
Nc3 Rb8 22. e3 b5 23. Nxe4 a4 24. Qd3 Qb6 25. Rfc1 f6 26. Nc6 Rc8 27. Nb4 Rxc2
28. Qxc2 Nxb4 29. Qc7+ Qxc7 30. Rxc7+ Kg8 31. axb4 g5 32. Nd6 Bg6 33. Rc8 Rxc8
34. Nxc8 Kf8 35. Kf1 Bd3+ 36. Ke1 Ke8 37. Kd2 Bf1 38. Nd6+ Ke7 39. Ne4 Bg2 40.
Nc3 Bc6 41. e4 Kd6 42. f4 g4 43. Kd3 h5 44. e5+ Kd7 1-0